[Event "RUS-chT U26"]
[Site "Belgorod"]
[Date "2008.10.07"]
[Round "3"]
[White "Zemtsov, Igor"]
[Black "Gasanov, Eldar"]
[Result "1/2-1/2"]
[WhiteElo "2387"]
[BlackElo "2550"]
[PlyCount "78"]
[EventDate "2008.10.05"]
[EventType "team"]
[EventRounds "9"]
[EventCountry "RUS"]
[SourceTitle "EXT 2010"]
[Source "ChessBase"]
[SourceDate "2010.11.25"]
[SourceVersion "1"]
[SourceVersionDate "2010.11.25"]
[SourceQuality "1"]

1. Nf3 d5 2. g3 c6 3. Bg2 Bg4 4. 0-0 Nd7 5. d3 e6 6. c4 Ngf6 7. h3 Bxf3 8. Bxf3 dxc4 9. dxc4 Ne5 10. Qb3 Nxf3+ 11. Qxf3 Be7 12. Nc3 0-0 13. Rd1 Qa5 14. Bd2 Qf5 15. Qxf5 exf5 16. Be3 a6 17. Bb6 Rfe8 18. f3 h5 19. Kf2 Bd8 20. Na4 Bxb6+ 21. Nxb6 Rad8 22. b4 Kf8 23. Rd3 Rxd3 24. exd3 f4 25. gxf4 h4 26. Rg1 Rd8 27. Ke3 Nh5 28. f5 Ng3 29. Kd2 Nxf5 30. f4 Nd4 31. Rf1 f6 32. c5 a5 33. a3 axb4 34. axb4 Re8 35. Rf2 Nb3+ 36. Kc2 Nd4+ 37. Kd2 Nb3+ 38. Kc2 Nd4+ 39. Kd2 Nb3+ 1/2-1/2

[Event "RUS-chT U26"]
[Site "Belgorod"]
[Date "2008.10.06"]
[Round "2"]
[White "Shishkin, Pavel"]
[Black "Zemtsov, Igor"]
[Result "0-1"]
[WhiteElo "2171"]
[BlackElo "2387"]
[PlyCount "70"]
[EventDate "2008.10.05"]
[EventType "team"]
[EventRounds "9"]
[EventCountry "RUS"]
[SourceTitle "EXT 2010"]
[Source "ChessBase"]
[SourceDate "2010.11.25"]
[SourceVersion "1"]
[SourceVersionDate "2010.11.25"]
[SourceQuality "1"]

1. d4 Nf6 2. c4 g6 3. g3 Bg7 4. Bg2 d5 5. cxd5 Nxd5 6. e4 Nb6 7. Ne2 Nc6 8. d5 Na5 9. Qc2 e6 10. Bd2 Nac4 11. Bc3 e5 12. b3 Nd6 13. f4 Qe7 14. Qb2 Nd7 15. Nd2 Nb5 16. Rc1 Nc5 17. Qc2 Na3 18. Qd1 Nd3+ 19. Kf1 0-0 20. fxe5 f5 21. Kg1 Bh6 22. h3 Be3+ 23. Kh2 Nf2 24. Qe1 Nd3 25. Qd1 f4 26. e6 Nxc1 27. Qxc1 f3 28. Re1 fxg2 29. Bb2 Nb5 30. a4 Qb4 31. Nc3 g1Q+ 32. Rxg1 Rf2+ 33. Rg2 Bxd2 34. Qc2 Rxg2+ 35. Kxg2 Bxc3 0-1

[Event "Moscow op-A 04th"]
[Site "Moscow"]
[Date "2008.02.07"]
[Round "6"]
[White "Zemtsov, Igor"]
[Black "Grigoriants, Sergey"]
[Result "0-1"]
[WhiteElo "2400"]
[BlackElo "2583"]
[PlyCount "70"]
[EventDate "2008.02.02"]
[EventType "swiss"]
[EventRounds "9"]
[EventCountry "RUS"]
[SourceTitle "CBM 122 Extra"]
[Source "ChessBase"]
[SourceDate "2008.03.04"]
[SourceVersion "1"]
[SourceVersionDate "2008.03.04"]
[SourceQuality "1"]

1. e4 c5 2. Nf3 d6 3. d4 cxd4 4. Nxd4 Nf6 5. Nc3 Nc6 6. Bg5 e6 7. Qd2 Be7 8. 0-0-0 0-0 9. f3 Nxd4 10. Qxd4 a6 11. h4 b5 12. e5 dxe5 13. Qxe5 Qb6 14. Rh3 Rd8 15. Rxd8+ Qxd8 16. Ne4 Nd5 17. Bxe7 Qxe7 18. c4 f6 19. Qd6 Qxd6 20. Nxd6 bxc4 21. Bxc4 Ne3 22. f4 Nxc4 23. Nxc4 Bb7 24. g4 Rd8 25. g5 Rd4 26. Rc3 Bh1 27. f5 exf5 28. gxf6 gxf6 29. b4 f4 30. a3 f3 31. Ne3 f2 32. Rc8+ Kf7 33. Kb2 Rd3 34. Rc7+ Ke6 35. Nf1 Rd1 0-1

[Event "Moscow op 03rd"]
[Site "Moscow"]
[Date "2007.02.01"]
[Round "6"]
[White "Tunik, Gennady"]
[Black "Zemtsov, Igor"]
[Result "1/2-1/2"]
[WhiteElo "2475"]
[BlackElo "2364"]
[PlyCount "140"]
[EventDate "2007.01.27"]
[EventType "swiss"]
[EventRounds "9"]
[EventCountry "RUS"]
[SourceTitle "CBM 116 Extra"]
[Source "ChessBase"]
[SourceDate "2007.03.07"]
[SourceVersion "1"]
[SourceVersionDate "2007.03.07"]
[SourceQuality "1"]

1. d4 g6 2. Nf3 Bg7 3. c4 d6 4. Nc3 c5 5. dxc5 dxc5 6. Qxd8+ Kxd8 7. Bd2 Nc6 8. 0-0-0 Bd7 9. Nd5 Rc8 10. e3 Nh6 11. Ng5 e6 12. Bc3 Bxc3 13. Nxc3 Ke7 14. Be2 b6 15. h4 f6 16. Nge4 Ne5 17. f3 Bc6 18. g4 f5 19. gxf5 Nxf5 20. f4 Nd7 21. Rh3 Rcd8 22. h5 Nf6 23. Nxf6 Kxf6 24. Rg1 Rdg8 25. h6 Rd8 26. Nd1 e5 27. fxe5+ Kxe5 28. Nf2 Rhf8 29. Kc2 Ke6 30. Nd3 Be4 31. Kc3 Nd6 32. Nf4+ Kd7 33. Rd1 Rde8 34. Bg4+ Kc6 35. Rh2 Rf6 36. a3 a5 37. b4 axb4+ 38. axb4 cxb4+ 39. Kxb4 Re5 40. Nd5 Bxd5 41. cxd5+ Kb7 42. Rh3 Re4+ 43. Rd4 Rxd4+ 44. exd4 Rf4 45. Be6 Rxd4+ 46. Kb3 Ne4 47. Rh1 b5 48. Rf1 Kb6 49. Rf7 Ng5 50. Rf8 b4 51. Bg8 Rh4 52. Rc8 Kb5 53. d6 Rd4 54. Re8 Kc6 55. Re5 Rg4 56. Re7 Kxd6 57. Rb7 Kc5 58. Bxh7 Rg3+ 59. Kb2 Rg2+ 60. Kc1 Rg1+ 61. Kb2 Rg2+ 62. Kc1 Nxh7 63. Rxh7 Rh2 64. Rh8 Kc4 65. h7 Kb3 66. Kd1 Kb2 67. Rb8 Rxh7 68. Rxb4+ Kc3 69. Rg4 Rd7+ 70. Ke2 Rd6 1/2-1/2

[Event "Moscow op 03rd"]
[Site "Moscow"]
[Date "2007.01.31"]
[Round "5"]
[White "Zemtsov, Igor"]
[Black "Lelekova, Olga"]
[Result "1-0"]
[WhiteElo "2364"]
[BlackElo "2184"]
[PlyCount "47"]
[EventDate "2007.01.27"]
[EventType "swiss"]
[EventRounds "9"]
[EventCountry "RUS"]
[SourceTitle "CBM 116 Extra"]
[Source "ChessBase"]
[SourceDate "2007.03.07"]
[SourceVersion "1"]
[SourceVersionDate "2007.03.07"]
[SourceQuality "1"]

1. d4 Nf6 2. Bg5 d6 3. Nd2 Nbd7 4. e4 e5 5. c3 Be7 6. Ngf3 0-0 7. Bd3 c6 8. 0-0 Qc7 9. Re1 Re8 10. a4 Nf8 11. h3 Ng6 12. a5 h6 13. Be3 Bf8 14. Qc2 Nh5 15. Bf1 Nhf4 16. b4 exd4 17. cxd4 d5 18. b5 dxe4 19. Nxe4 Nd5 20. bxc6 Nb4 21. Qb1 Qxc6 22. Nc5 Bxc5 23. dxc5 Qe4 24. Bd2 1-0

[Event "Moscow op 03rd"]
[Site "Moscow"]
[Date "2007.01.29"]
[Round "3"]
[White "Zemtsov, Igor"]
[Black "Rogovsky, Alexander"]
[Result "1-0"]
[WhiteElo "2364"]
[BlackElo "2117"]
[PlyCount "131"]
[EventDate "2007.01.27"]
[EventType "swiss"]
[EventRounds "9"]
[EventCountry "RUS"]
[SourceTitle "CBM 116 Extra"]
[Source "ChessBase"]
[SourceDate "2007.03.07"]
[SourceVersion "1"]
[SourceVersionDate "2007.03.07"]
[SourceQuality "1"]

1. d4 Nf6 2. Nc3 d5 3. Bg5 Nbd7 4. e3 h6 5. Bh4 e6 6. Bd3 c5 7. Nf3 c4 8. Be2 Qa5 9. 0-0 Bb4 10. Nb1 0-0 11. c3 Bd6 12. Nbd2 Qc7 13. Qc2 b5 14. e4 dxe4 15. Nxe4 Be7 16. a4 Ba6 17. Nxf6+ Nxf6 18. Ne5 Rab8 19. Bf3 Nd5 20. Bg3 Bd6 21. axb5 Bxb5 22. Rfe1 Rb6 23. Qd2 Rfb8 24. Ra2 Be8 25. Be4 Nf6 26. Bb1 Nd7 27. Qc2 Nf8 28. Qe2 Rc8 29. Be4 f6 30. Nf3 Bxg3 31. hxg3 Rcb8 32. Rb1 a6 33. Nd2 Bb5 34. Bc2 Rd8 35. Re1 Rbd6 36. Ne4 Rc6 37. f4 Qf7 38. Raa1 Nd7 39. Rf1 Qe7 40. g4 f5 41. Nd2 fxg4 42. Qxg4 Nf6 43. Qh3 Qf7 44. g4 Rf8 45. Nf3 Nd7 46. Ng5 Qe7 47. Nh7 Rf7 48. g5 Nf8 49. g6 Nxh7 50. gxf7+ Qxf7 51. Rae1 Rd6 52. Re5 Bc6 53. Qg3 Nf6 54. f5 Qh5 55. fxe6 Qh1+ 56. Kf2 Ng4+ 57. Ke1 Qh2 58. Qxh2 Nxh2 59. d5 Be8 60. Rf4 g5 61. Rff5 g4 62. Be4 g3 63. e7 Kg7 64. Rf8 Bb5 65. e8Q Bxe8 66. Rexe8 1-0

[Event "Saratov Aratovsky Memorial 6th"]
[Site "Saratov"]
[Date "2006.12.02"]
[Round "6"]
[White "Zemtsov, Igor"]
[Black "Drogilov, Alexander"]
[Result "1-0"]
[WhiteElo "2358"]
[BlackElo "2144"]
[PlyCount "41"]
[EventDate "2006.11.27"]
[EventType "swiss"]
[EventRounds "9"]
[EventCountry "RUS"]
[SourceTitle "EXT 2008"]
[Source "ChessBase"]
[SourceDate "2007.11.25"]
[SourceVersion "1"]
[SourceVersionDate "2007.11.25"]
[SourceQuality "1"]

1. e4 c5 2. Nf3 d6 3. d4 cxd4 4. Nxd4 Nf6 5. Nc3 a6 6. Bg5 b5 7. Bxf6 gxf6 8. Qh5 e5 9. Nf5 Be6 10. 0-0-0 Nc6 11. Kb1 Qa5 12. Be2 0-0-0 13. Qh4 Rg8 14. g3 Bxf5 15. exf5 d5 16. Qxf6 Nd4 17. Qxe5 Nxe2 18. Qxe2 b4 19. Nxd5 Rxd5 20. Qc4+ Rc5 21. Qxf7 1-0

[Event "Saratov Aratovsky Memorial 6th"]
[Site "Saratov"]
[Date "2006.11.30"]
[Round "4"]
[White "Zemtsov, Igor"]
[Black "Maletin, Pavel"]
[Result "0-1"]
[WhiteElo "2358"]
[BlackElo "2540"]
[PlyCount "40"]
[EventDate "2006.11.27"]
[EventType "swiss"]
[EventRounds "9"]
[EventCountry "RUS"]
[SourceTitle "EXT 2008"]
[Source "ChessBase"]
[SourceDate "2007.11.25"]
[SourceVersion "1"]
[SourceVersionDate "2007.11.25"]
[SourceQuality "1"]

1. e4 c5 2. Nf3 Nc6 3. b4 Nxb4 4. c3 Nc6 5. d4 d5 6. exd5 Qxd5 7. Be2 cxd4 8. cxd4 e6 9. 0-0 Bb4 10. a3 Ba5 11. Bg5 h6 12. Bh4 Nge7 13. Bxe7 Nxe7 14. Ne5 0-0 15. Bf3 Qd8 16. Qa4 Bb6 17. Rd1 Nf5 18. Nc3 Nxd4 19. Rd3 Nxf3+ 20. Rxf3 Qd4 0-1

[Event "Saratov Aratovsky Memorial 6th"]
[Site "Saratov"]
[Date "2006.11.29"]
[Round "3"]
[White "Biryukov, Dmitriy"]
[Black "Zemtsov, Igor"]
[Result "1/2-1/2"]
[WhiteElo "2180"]
[BlackElo "2358"]
[PlyCount "72"]
[EventDate "2006.11.27"]
[EventType "swiss"]
[EventRounds "9"]
[EventCountry "RUS"]
[SourceTitle "EXT 2008"]
[Source "ChessBase"]
[SourceDate "2007.11.25"]
[SourceVersion "1"]
[SourceVersionDate "2007.11.25"]
[SourceQuality "1"]

1. e4 e6 2. d4 d5 3. Nd2 Nc6 4. Ngf3 Nf6 5. e5 Nd7 6. Bb5 a6 7. Bxc6 bxc6 8. c4 dxc4 9. Qa4 Nb6 10. Qxc6+ Bd7 11. Qe4 c5 12. 0-0 Rc8 13. dxc5 Rxc5 14. Qg4 h5 15. Qg3 Bc6 16. Ng5 h4 17. Qf4 Qc7 18. b4 Rb5 19. a4 Rxb4 20. Ba3 Nd5 21. Qg4 c3 22. Bxb4 Nxb4 23. Nc4 Bd5 24. Nd6+ Bxd6 25. exd6 Qxd6 26. Qd4 Rh5 27. Ne4 Qe7 28. Nxc3 Bc6 29. Rac1 f5 30. f3 h3 31. g3 Bd7 32. Rfe1 Kf7 33. a5 Rh8 34. Qe3 Rc8 35. Red1 Bc6 36. Ne2 Rb8 1/2-1/2

[Event "Saratov Aratovsky Memorial 6th"]
[Site "Saratov"]
[Date "2006.11.28"]
[Round "2"]
[White "Zemtsov, Igor"]
[Black "Vingurt, Grigorij"]
[Result "1-0"]
[WhiteElo "2358"]
[BlackElo "2140"]
[PlyCount "59"]
[EventDate "2006.11.27"]
[EventType "swiss"]
[EventRounds "9"]
[EventCountry "RUS"]
[SourceTitle "EXT 2008"]
[Source "ChessBase"]
[SourceDate "2007.11.25"]
[SourceVersion "1"]
[SourceVersionDate "2007.11.25"]
[SourceQuality "1"]

1. e4 Nc6 2. Nf3 e5 3. Bc4 Bc5 4. Nc3 Nf6 5. d3 h6 6. Be3 Bxe3 7. fxe3 d6 8. 0-0 Na5 9. Bb3 Nxb3 10. axb3 0-0 11. Qe1 c6 12. h3 Re8 13. Qg3 Nh5 14. Qf2 Be6 15. d4 exd4 16. exd4 g5 17. d5 cxd5 18. exd5 Bf5 19. Nxg5 Qxg5 20. Qxf5 Re7 21. Qxg5+ hxg5 22. Ra4 Nf4 23. h4 b5 24. Nxb5 Ne2+ 25. Kh2 Kg7 26. Nxd6 Kg6 27. Nf5 Re5 28. Ra6+ f6 29. g4 gxh4 30. Nxh4+ 1-0

[Event "Saratov Aratovsky Memorial 6th"]
[Site "Saratov"]
[Date "2006.11.27"]
[Round "1"]
[White "Sargissian, Gabriel"]
[Black "Zemtsov, Igor"]
[Result "1-0"]
[WhiteElo "2670"]
[BlackElo "2358"]
[PlyCount "119"]
[EventDate "2006.11.27"]
[EventType "swiss"]
[EventRounds "9"]
[EventCountry "RUS"]
[SourceTitle "EXT 2008"]
[Source "ChessBase"]
[SourceDate "2007.11.25"]
[SourceVersion "1"]
[SourceVersionDate "2007.11.25"]
[SourceQuality "1"]

1. d4 g6 2. Nf3 Bg7 3. c4 d6 4. g3 c5 5. Bg2 Nc6 6. d5 Na5 7. Nc3 Bxc3+ 8. bxc3 Nf6 9. 0-0 Qd7 10. Nd2 0-0 11. e4 b6 12. Re1 Qg4 13. f3 Qh5 14. Bf1 Ba6 15. Qa4 Rae8 16. Bg2 e6 17. dxe6 Rxe6 18. Nb3 Rfe8 19. Nxa5 bxa5 20. Be3 g5 21. h3 Qg6 22. Rad1 h5 23. g4 Kg7 24. Bf2 h4 25. Bf1 R8e7 26. Qxa5 Bb7 27. Bg2 Nd7 28. Qa4 Qf6 29. Be3 Ne5 30. Rf1 Ng6 31. Qc2 Qe5 32. Rf2 Nf4 33. Bxf4 Qxf4 34. Qd2 Kf6 35. Qxf4+ gxf4 36. Rb2 Ke5 37. Bf1 Rg6 38. Rdb1 Bc8 39. Rb8 Rc7 40. Rd1 Be6 41. Rh8 Rc6 42. Rxh4 Ra6 43. Rh5+ Kf6 44. Rxd6 Rxd6 45. e5+ Ke7 46. exd6+ Kxd6 47. Rh8 f5 48. Rd8+ Kc7 49. Rf8 Bd7 50. Bd3 Rd6 51. Bxf5 Bc6 52. Be4 Bxe4 53. fxe4 Rd3 54. Rxf4 Rxh3 55. Kg2 Rxc3 56. g5 Rc2+ 57. Kh3 Rxa2 58. g6 Ra3+ 59. Kh4 Ra1 60. g7 1-0

[Event "Izmailov Memorial op 10th"]
[Site "Tomsk"]
[Date "2006.07.18"]
[Round "7"]
[White "Efimov, Arkadij"]
[Black "Zemtsov, Igor"]
[Result "1/2-1/2"]
[WhiteElo "2231"]
[BlackElo "2353"]
[PlyCount "109"]
[EventDate "2006.07.12"]
[EventType "swiss"]
[EventRounds "9"]
[EventCountry "RUS"]
[SourceTitle "EXT 2008"]
[Source "ChessBase"]
[SourceDate "2007.11.25"]
[SourceVersion "1"]
[SourceVersionDate "2007.11.25"]
[SourceQuality "1"]

1. g3 d5 2. c4 d4 3. Nf3 Nc6 4. Bg2 e5 5. d3 Nf6 6. 0-0 a5 7. e3 Be7 8. exd4 exd4 9. Na3 0-0 10. Nc2 h6 11. Re1 Bg4 12. h3 Bh5 13. Bf4 Nd7 14. g4 Bg6 15. Nfxd4 Nxd4 16. Nxd4 Nc5 17. Nf5 Bxf5 18. gxf5 Bf6 19. Be5 c6 20. d4 Nd7 21. Bd6 Re8 22. Rxe8+ Qxe8 23. Qd2 Qd8 24. c5 a4 25. Qb4 Qc8 26. f4 Bh4 27. d5 Nf6 28. dxc6 bxc6 29. Qb6 Qxf5 30. Qxc6 Re8 31. Be5 Rd8 32. Qxa4 Rd2 33. Rd1 Rxg2+ 34. Kxg2 Qg6+ 35. Kf3 Qg3+ 36. Ke2 Qg2+ 37. Kd3 Qg6+ 38. Kc4 Qe4+ 39. Rd4 Qe2+ 40. Kb3 Qg2 41. Qc4 Qxh3+ 42. Qd3 Qe6+ 43. Ka3 Ng4 44. Qc4 Qc8 45. c6 Ne3 46. Qd3 Be7+ 47. Bd6 Qxc6 48. Bxe7 Nc2+ 49. Kb3 Na1+ 50. Kb4 Nc2+ 51. Kb3 Na1+ 52. Kb4 Nc2+ 53. Kb3 Na1+ 54. Kb4 Nc2+ 55. Kb3 1/2-1/2

[Event "Izmailov Memorial op 10th"]
[Site "Tomsk"]
[Date "2006.07.17"]
[Round "6"]
[White "Zemtsov, Igor"]
[Black "Makarov, Marat"]
[Result "0-1"]
[WhiteElo "2353"]
[BlackElo "2510"]
[PlyCount "132"]
[EventDate "2006.07.12"]
[EventType "swiss"]
[EventRounds "9"]
[EventCountry "RUS"]
[SourceTitle "EXT 2008"]
[Source "ChessBase"]
[SourceDate "2007.11.25"]
[SourceVersion "1"]
[SourceVersionDate "2007.11.25"]
[SourceQuality "1"]

1. Nf3 d5 2. g3 Nf6 3. Bg2 g6 4. 0-0 Bg7 5. d3 0-0 6. c4 Nc6 7. Nc3 d4 8. Na4 e5 9. Nd2 Qe7 10. a3 a5 11. Rb1 Bd7 12. Qc2 b6 13. e3 Ng4 14. Nf3 f5 15. h3 dxe3 16. hxg4 fxg4 17. fxe3 gxf3 18. Bxf3 Rxf3 19. Rxf3 e4 20. Rf4 Ne5 21. Nc3 exd3 22. Qg2 Re8 23. Bd2 g5 24. Re4 Bf5 25. Nd5 Qd8 26. Rd4 c5 27. Re4 Nf3+ 28. Qxf3 Bxe4 29. Qh5 Rf8 30. Rf1 Rxf1+ 31. Kxf1 Bxd5 32. cxd5 Qxd5 33. Qe8+ Bf8 34. Kg1 Qb3 35. Qh5 Qd5 36. Qe8 Qd6 37. Kg2 Qg6 38. Qe5 h6 39. e4 Qd6 40. Qf5 Bg7 41. Qc8+ Kf7 42. Qf5+ Kg8 43. Qc8+ Kh7 44. Qf5+ Qg6 45. Qd5 Bxb2 46. Qxd3 Bd4 47. a4 h5 48. Kf3 Kg7 49. Ke2 h4 50. g4 Qf6 51. Kd1 Qe6 52. Qf3 Bf6 53. Kc1 h3 54. Qxh3 Qc4+ 55. Kb1 Qxe4+ 56. Kc1 Qxa4 57. Qf3 Qd7 58. Qe4 a4 59. Be3 Qe7 60. Qf3 b5 61. Kd2 Qd7+ 62. Kc1 c4 63. Bd2 Qc7 64. Qd5 Qe7 65. Kd1 c3 66. Bc1 Qd8 0-1

[Event "Nezhmetdinov Memorial 28th"]
[Site "Kazan"]
[Date "2006.06.06"]
[Round "6"]
[White "Gleizerov, Evgeny"]
[Black "Zemtsov, Igor"]
[Result "0-1"]
[WhiteElo "2562"]
[BlackElo "2361"]
[PlyCount "66"]
[EventDate "2006.06.01"]
[EventType "swiss"]
[EventRounds "9"]
[EventCountry "RUS"]
[SourceTitle "CBM 112 Extra"]
[Source "ChessBase"]
[SourceDate "2006.07.14"]
[SourceVersion "1"]
[SourceVersionDate "2006.07.14"]
[SourceQuality "1"]

1. d4 c5 2. d5 e5 3. e4 d6 4. Nc3 Be7 5. Bb5+ Nd7 6. a4 Bg5 7. Nf3 Bxc1 8. Qxc1 Ngf6 9. Nd2 0-0 10. 0-0 Nh5 11. g3 g6 12. a5 a6 13. Be2 Ndf6 14. Nc4 Bh3 15. Re1 Kg7 16. Ra3 Ng4 17. Rb3 Qe7 18. f3 Nh6 19. f4 exf4 20. Bxh5 fxg3 21. Qf4 gxh5 22. Qxg3+ Kh8 23. Qxh3 Rg8+ 24. Kh1 Rg4 25. Nd1 Rag8 26. Nf2 Rh4 27. Qc3+ Rg7 28. Rg1 Ng4 29. Nxg4 Qxe4+ 30. Qf3 Rhxg4 31. Rc1 Qg6 32. Qf2 Rg2 33. Qf1 Rg1+ 0-1

[Event "Nezhmetdinov Memorial 28th"]
[Site "Kazan"]
[Date "2006.06.03"]
[Round "3"]
[White "Zemtsov, Igor"]
[Black "Jakovenko, Igor"]
[Result "1-0"]
[WhiteElo "2361"]
[BlackElo "2234"]
[PlyCount "65"]
[EventDate "2006.06.01"]
[EventType "swiss"]
[EventRounds "9"]
[EventCountry "RUS"]
[SourceTitle "CBM 112 Extra"]
[Source "ChessBase"]
[SourceDate "2006.07.14"]
[SourceVersion "1"]
[SourceVersionDate "2006.07.14"]
[SourceQuality "1"]

1. e4 e5 2. Nf3 Nc6 3. c3 d5 4. Bb5 dxe4 5. Nxe5 Qd5 6. Qa4 Nge7 7. f4 exf3 8. Nxf3 Bd7 9. 0-0 0-0-0 10. d4 f6 11. c4 Qe4 12. Nc3 Qg4 13. d5 Nb8 14. h3 Qg6 15. Bxd7+ Nxd7 16. Qxa7 Nf5 17. Qa8+ Nb8 18. Bf4 Ng3 19. Bxg3 Qxg3 20. Nb5 Bc5+ 21. Kh1 Rhe8 22. Rae1 Rxe1 23. Rxe1 Qf2 24. d6 Bxd6 25. Na7+ Kd7 26. Qxb7 Qb6 27. Qe4 c6 28. Nd4 Be5 29. Qg4+ Ke8 30. Ndxc6 Nxc6 31. Qe6+ Kf8 32. Nxc6 Re8 33. Qd5 1-0

[Event "Moscow op 02nd"]
[Site "Moscow"]
[Date "2006.01.30"]
[Round "2"]
[White "Klimov, Anton"]
[Black "Zemtsov, Igor"]
[Result "1-0"]
[WhiteElo "2377"]
[BlackElo "2376"]
[PlyCount "53"]
[EventDate "2006.01.29"]
[EventType "swiss"]
[EventRounds "9"]
[EventCountry "RUS"]
[SourceTitle "CBM 110 Extra"]
[Source "ChessBase"]
[SourceDate "2006.03.10"]
[SourceVersion "2"]
[SourceVersionDate "2006.03.10"]
[SourceQuality "1"]

1. e4 c5 2. Nf3 d6 3. d4 cxd4 4. Nxd4 Nf6 5. Nc3 a6 6. Bc4 e6 7. Be3 Be7 8. Qe2 0-0 9. 0-0-0 Nc6 10. Bb3 Qc7 11. Rhg1 Nxd4 12. Bxd4 b5 13. g4 Bb7 14. g5 Nd7 15. f4 b4 16. Na4 Bc6 17. f5 e5 18. f6 Bd8 19. fxg7 Kxg7 20. Be3 Qa5 21. Qh5 Bxa4 22. Qh6+ Kh8 23. g6 fxg6 24. Rxg6 Bf6 25. Bg5 Qc7 26. Bxf6+ Nxf6 27. Rxf6 1-0

[Event "RUS-ch U18"]
[Site "Dagomys"]
[Date "2004.04.??"]
[Round "4"]
[White "Savostin, Artem"]
[Black "Zemtsov, Igor"]
[Result "0-1"]
[WhiteElo "2000"]
[BlackElo "2328"]
[PlyCount "70"]
[EventDate "2004.04.??"]
[EventType "swiss"]
[EventRounds "10"]
[EventCountry "RUS"]
[SourceTitle "EXT 2005"]
[Source "ChessBase"]
[SourceDate "2004.11.15"]
[SourceVersion "1"]
[SourceVersionDate "2004.11.15"]
[SourceQuality "1"]

1. e4 c5 2. Nf3 d6 3. d4 cxd4 4. Nxd4 Nf6 5. Nc3 g6 6. Be3 Bg7 7. f3 Nc6 8. Qd2 0-0 9. 0-0-0 d5 10. exd5 Nxd5 11. Nxc6 bxc6 12. Bd4 e5 13. Bc5 Be6 14. Ne4 Rb8 15. Bc4 Qc8 16. h4 h6 17. h5 f5 18. Ng3 g5 19. b3 a5 20. a4 Qc7 21. Ba3 e4 22. Ne2 Rfe8 23. Bb2 exf3 24. gxf3 Ne3 25. Bxe6+ Rxe6 26. Nd4 Qe5 27. Rhe1 c5 28. Rxe3 Qxe3 29. Qxe3 Rxe3 30. Nxf5 Bxb2+ 31. Kxb2 Rxf3 32. Nxh6+ Kh7 33. Ng4 c4 34. Ne5 c3+ 35. Ka3 Rf2 0-1

[Event "Chigorin Memorial-B 10th"]
[Site "St Petersburg"]
[Date "2002.11.03"]
[Round "9"]
[White "Nazarov, Nikolai"]
[Black "Zemtsov, Igor"]
[Result "0-1"]
[WhiteElo "2219"]
[BlackElo "2321"]
[PlyCount "156"]
[EventDate "2002.10.25"]
[EventType "swiss"]
[EventRounds "9"]
[EventCountry "RUS"]
[SourceTitle "EXT 2003"]
[Source "ChessBase"]
[SourceDate "2002.11.25"]
[SourceVersion "1"]
[SourceVersionDate "2002.11.25"]
[SourceQuality "1"]

1. Nf3 g6 2. g3 Bg7 3. Bg2 e5 4. e4 Nc6 5. 0-0 Nge7 6. c3 0-0 7. d4 d6 8. Re1 Bg4 9. dxe5 Nxe5 10. Qe2 N7c6 11. Nbd2 Bh6 12. Qf1 f5 13. Nxe5 dxe5 14. f3 Bh5 15. Nb3 Bg7 16. Nc5 Qc8 17. Qc4+ Kh8 18. Qe6 fxe4 19. fxe4 Bg4 20. Qxc8 Bxc8 21. Be3 b6 22. Nd3 Be6 23. b3 a5 24. Nb2 Na7 25. Bf1 Nc8 26. Rad1 h5 27. h3 Kh7 28. Kg2 Ne7 29. Bc4 Bc8 30. Bb5 Bb7 31. Bg5 Nf5 32. Rd7 Nd6 33. Bd3 Rf7 34. Rxd6 cxd6 35. Nc4 b5 36. Nb6 Raf8 37. Re2 Bc6 38. c4 b4 39. Be3 Bh6 40. Bg1 Rf3 41. Bc2 Rc3 42. Nd5 Bxd5 43. exd5 Rb8 44. h4 Kg7 45. Bf2 Bc1 46. Bb1 g5 47. c5 gxh4 48. cxd6 hxg3 49. Bxg3 Bf4 50. Bxf4 exf4 51. Re7+ Kf6 52. Re6+ Kg5 53. Rg6+ Kh4 54. Kf2 Rd8 55. Bf5 Rg3 56. Re6 Kg5 57. Be4 h4 58. Rg6+ Kh5 59. Rf6 Rc3 60. Rf5+ Kg4 61. Rf6 h3 62. Rg6+ Kh5 63. Rf6 h2 64. Rxf4 Rc1 65. Bf3+ Kg5 66. Rg4+ Kf5 67. Rh4 Rxd6 68. Ke3 Rc3+ 69. Kf2 Rc2+ 70. Ke3 Rxa2 71. Kd4 Rd8 72. Be4+ Kg5 73. Rh7 Rd6 74. Rg7+ Kh5 75. Ke5 Rh6 76. Bf3+ Kh4 77. d6 Rd2 78. d7 a4 0-1

[Event "Chigorin Memorial-B 10th"]
[Site "St Petersburg"]
[Date "2002.11.02"]
[Round "8"]
[White "Zemtsov, Igor"]
[Black "Sirotine, Konstantin"]
[Result "1-0"]
[WhiteElo "2321"]
[BlackElo "2245"]
[PlyCount "75"]
[EventDate "2002.10.25"]
[EventType "swiss"]
[EventRounds "9"]
[EventCountry "RUS"]
[SourceTitle "EXT 2003"]
[Source "ChessBase"]
[SourceDate "2002.11.25"]
[SourceVersion "1"]
[SourceVersionDate "2002.11.25"]
[SourceQuality "1"]

1. g3 Nf6 2. Bg2 d5 3. Nf3 e6 4. 0-0 Be7 5. d3 c5 6. Nbd2 Nc6 7. e4 b6 8. Re1 Bb7 9. a4 h6 10. c3 Qc7 11. exd5 exd5 12. Nh4 Qd7 13. Qf3 0-0 14. Nf5 Rfe8 15. Bh3 Qc7 16. Nf1 d4 17. Bf4 Qd8 18. c4 Bf8 19. Nd2 g5 20. Rxe8 Nxe8 21. Qg4 Kh8 22. Qh5 gxf4 23. Qxf7 Nc7 24. Re1 fxg3 25. hxg3 Bc8 26. Nf3 Bxf5 27. Bxf5 Bg7 28. Nh4 Qf6 29. Qxc7 Nb4 30. Re7 Rg8 31. Rf7 Qg5 32. Ng6+ Kh7 33. Kg2 Nc2 34. Ne7+ Kh8 35. Nxg8 Ne1+ 36. Kf1 Nf3 37. Qc8 Qc1+ 38. Kg2 1-0

[Event "Chigorin Memorial-B 10th"]
[Site "St Petersburg"]
[Date "2002.11.01"]
[Round "7"]
[White "Ganzhurov, Roman"]
[Black "Zemtsov, Igor"]
[Result "0-1"]
[WhiteElo "2220"]
[BlackElo "2321"]
[PlyCount "56"]
[EventDate "2002.10.25"]
[EventType "swiss"]
[EventRounds "9"]
[EventCountry "RUS"]
[SourceTitle "EXT 2003"]
[Source "ChessBase"]
[SourceDate "2002.11.25"]
[SourceVersion "1"]
[SourceVersionDate "2002.11.25"]
[SourceQuality "1"]

1. e4 e5 2. Nf3 Nc6 3. Bb5 a6 4. Ba4 Nf6 5. 0-0 Be7 6. Re1 b5 7. Bb3 0-0 8. c3 d5 9. exd5 Nxd5 10. Nxe5 Nxe5 11. Rxe5 c6 12. d3 Bd6 13. Re1 Qh4 14. g3 Qh3 15. Re4 Qf5 16. Nd2 Qg6 17. Re1 f5 18. Ne4 fxe4 19. dxe4 Bg4 20. Qd4 Rae8 21. Bd2 Kh8 22. c4 Nf4 23. Bxf4 Rxf4 24. c5 Be5 25. Qd3 Ref8 26. Qe3 Rxf2 27. Qxf2 Rxf2 28. Kxf2 Qf6+ 0-1

[Event "Chigorin Memorial-B 10th"]
[Site "St Petersburg"]
[Date "2002.10.29"]
[Round "5"]
[White "Zhunusov, Murat"]
[Black "Zemtsov, Igor"]
[Result "1-0"]
[WhiteElo "2246"]
[BlackElo "2321"]
[PlyCount "51"]
[EventDate "2002.10.25"]
[EventType "swiss"]
[EventRounds "9"]
[EventCountry "RUS"]
[SourceTitle "EXT 2003"]
[Source "ChessBase"]
[SourceDate "2002.11.25"]
[SourceVersion "1"]
[SourceVersionDate "2002.11.25"]
[SourceQuality "1"]

1. e4 e5 2. Nf3 Nc6 3. Bb5 a6 4. Ba4 Nf6 5. 0-0 Be7 6. Re1 b5 7. Bb3 0-0 8. a4 Bb7 9. Nc3 Nd4 10. Ba2 Bc5 11. d3 Ng4 12. Rf1 b4 13. Nxd4 Bxd4 14. Qxg4 bxc3 15. bxc3 Bxc3 16. Bg5 h5 17. Qg3 Bc6 18. Bxd8 Raxd8 19. Bb3 a5 20. Qg5 Bxa1 21. Rxa1 d6 22. Re1 Rb8 23. h4 Bd7 24. Qxh5 Rb4 25. Re3 Bxa4 26. Rg3 1-0